Les 10 phobies les plus partagées au monde - Statistiques

Statistiques générales
  • Ce quiz a été pris 306 fois
  • Le résultat moyen est 2 sur 10
Statistiques - réponses
Hint Réponse % Correct
8 Arachnophobie
96%
10 Claustrophobie
48%
2 Agoraphobie
39%
7 Aérophobie
17%
3 Emétophobie
14%
6 Hypocondrie
10%
9 Zoophobie
9%
1 Phobie sociale
6%
5 Amaxophobie
3%
4 Ereutophobie
3%
Aucun quiz correspondant
Distribution des résultats
% des personnes avec chaque résultat
Percentile par nombre de réponses
Votre historique - résultats
Vous n’avez pas pris ce quiz